000 00808nam a2200265Ia 4500
001 Para_6540
003 CHAP
008 220125s1999 xx 000 0 und d
010 _a205098
040 _cCHAP
090 _aPA FOLLETO 546
110 _aDow Chemical Company
_934104
245 _aMalezas graminéas? obstruyen los canales de riego?, los desagues?, los caminos? combátalas con Dowpon /
_c por Dow Chemical Company
260 _aMéxico :
_b Dow Chemical Inter-american Limited
300 _a1 hoja desplegable
650 _aHerbicidas
_953691
650 _aMalas hierbas
_x control
_970011
901 _aPA FOLLETO 546
902 _aA
905 _a00000019-- 0000000000 00
910 _a19--
942 _cPARA
942 _cPARA
_d1
999 _c205098
_d205098